[Event "Pardubice Region-chT 2223"]
[Site "Czech Republic"]
[Date "2022.11.27"]
[Round "4.4"]
[White "Pelcl, Karel"]
[Black "Ptacek, Lubos"]
[Result "1/2-1/2"]
[WhiteElo "1780"]
[BlackElo "2045"]
[PlyCount "115"]
[EventDate "2022.10.09"]
[EventType "team-tourn"]
[EventRounds "11"]
[EventCountry "CZE"]
[SourceTitle "EXT 2024"]
[Source "ChessBase"]
[SourceDate "2023.10.10"]
[SourceVersion "1"]
[SourceVersionDate "2023.10.10"]
[SourceQuality "1"]

1. d4 d5 2. Bf4 Nf6 3. e3 e6 4. c3 c5 5. Bd3 Nc6 6. Nd2 c4 7. Bc2 Be7 8. Ngf3 0-0 9. Ne5 Nxe5 10. dxe5 Nd7 11. Qh5 f5 12. Nf3 Nc5 13. h4 Qe8 14. Qxe8 Rxe8 15. Nd4 Bd7 16. a4 a6 17. Bg5 Bf8 18. f3 b5 19. axb5 axb5 20. Ke2 Na4 21. Bxa4 bxa4 22. e4 fxe4 23. fxe4 dxe4 24. Rhd1 Reb8 25. Ra2 Ra6 26. Be3 h6 27. g4 Be8 28. Rf1 Be7 29. h5 Rab6 30. Bc1 Kh7 31. Rf2 g6 32. hxg6+ Kxg6 33. Kf1 Bg5 34. Bxg5 Kxg5 35. Rg2 Kf4 36. Rh2 Kxg4 37. Rxh6 Kf4 38. Rxe6 Rxe6 39. Nxe6+ Kxe5 40. Nd4 Kf4 41. Nc2 Bd7 42. Kf2 Rh8 43. Ne3 Rh2+ 44. Ng2+ Ke5 45. Kg1 Rh3 46. Ra1 Rd3 47. Re1 Rd2 48. Ne3 Be6 49. Nd1 Kf4 50. Rf1+ Kg3 51. Re1 Kf3 52. Re3+ Kf4 53. Re1 Ke5 54. Nf2 Bd5 55. Ng4+ Kd6 56. Ne3 Kc5 57. Rd1 Rd3 58. Kf2 1/2-1/2